MARC

LEADER 00000nam0a2200000 4500
001 362354
005 20231102011500.0
035 |a (RuTPU)RU\TPU\retro\19700 
035 |a RU\TPU\retro\19691 
090 |a 362354 
100 |a 20210723d1964 k y0rusy50 ca 
101 0 |a rus 
102 |a RU 
105 |a a z 001zy 
200 1 |a Космические лучи  |e [сборник статей]  |f Академия наук СССР, Физический институт им. П. Н. Лебедева ; отв. ред. Д. В. Скобельцын 
210 |a Москва  |c Наука  |d 1964 
215 |a 283 с.  |c ил. 
225 1 |a Труды физического института им. П. Н. Лебедева (ФИАН)  |v Т. 26 
320 |a Библиогр. в конце ст. 
320 |9 572  |a Библиографический указатель работ сотрудников Лаборатории космических лучей, 1934-1962 гг.: с. 249-277 
320 |9 572  |a Именной указатель: с. 279-282 
606 1 |a Космические лучи  |x Физика  |2 stltpush  |3 (RuTPU)RU\TPU\subj\15855 
610 1 |a исследования 
610 1 |a атмосферные ливни 
610 1 |a фотоны 
610 1 |a атмосфера 
610 1 |a критические энергии 
610 1 |a радиационные единицы 
610 1 |a флуктуация 
610 1 |a фотоэмульсия 
610 1 |a нуклоны 
675 |a 539.1  |v 4 
702 1 |a Скобельцын  |b Д. В.  |c российский физик  |f 1892-1990  |g Дмитрий Владимирович  |2 stltpush  |3 (RuTPU)RU\TPU\pers\15052  |4 340  |9 5154 
712 0 2 |a Академия наук СССР  |b Физический институт им. П. Н. Лебедева  |c (Москва)  |2 stltpush  |3 (RuTPU)RU\TPU\col\13766  |9 25779 
801 1 |a RU  |b 63413507  |c 20200914 
801 2 |a RU  |b 63413507  |c 20210723  |g RCR 
942 |c BK